000 00758nam a2200253 4500
001 Mimo0001655607
003 SpMaBN
005 20240715191338.0
008 010227s2000 sp | ||| ||spa
020 _a9588089182
040 _aSpMaBN
_bspa
_cSpMaBN
_erdc
_dCO-UdeC
082 _a822
_bS527
100 1 _aShakespeare, William
_d1564-1616
_0XX1020842
240 1 0 _aHamlet
_lEspañol
245 1 0 _aHamlet :
_bMacbeth /
_cWilliam Shakespeare.
260 _aBogotá :
_bBiblioteca El Tiempo,
_c2001.
300 _a191 p. ;
_c21 cm.
440 0 _aBiblioteca El Tiempo
505 _aHamlet -- Macbeth
650 0 _aTeatro inglés
_92607
_ySiglo XVI
650 0 _aTragedia inglés
_92608
_ySiglo XVI
740 0 _aMacbeth
942 _2ddc
_cBK
_h822 S527
_n0
999 _c1827
_d1827